Meg and the secret scrapbook / (Record no. 2136)

MARC details
000 -LEADER
fixed length control field 01094pam a2200349 a 4500
001 - CONTROL NUMBER
control field 2136
003 - CONTROL NUMBER IDENTIFIER
control field FISKH
005 - DATE AND TIME OF LATEST TRANSACTION
control field 20241101105200.0
008 - FIXED-LENGTH DATA ELEMENTS--GENERAL INFORMATION
fixed length control field 940606s1995 nju j 000 1 eng
010 ## - LIBRARY OF CONGRESS CONTROL NUMBER
LC control number 94019828
020 ## - INTERNATIONAL STANDARD BOOK NUMBER
International Standard Book Number 0816735786 (pbk.) :
020 ## - INTERNATIONAL STANDARD BOOK NUMBER
International Standard Book Number 051487035788
040 ## - CATALOGING SOURCE
Original cataloging agency DLC
Transcribing agency DLC
Modifying agency DLC
Language of cataloging eng
042 ## - AUTHENTICATION CODE
Authentication code lcac
050 00 - LIBRARY OF CONGRESS CALL NUMBER
Classification number PZ7.M5719
Item number Md 1995
082 00 - DEWEY DECIMAL CLASSIFICATION NUMBER
Classification number 557
Edition number 20
100 1# - MAIN ENTRY--PERSONAL NAME
Personal name Meyers, Susan.
245 10 - TITLE STATEMENT
Title Meg and the secret scrapbook /
Statement of responsibility, etc. Susan Meyers.
250 ## - EDITION STATEMENT
Edition statement This edition published in 2002
260 ## - PUBLICATION, DISTRIBUTION, ETC.
Place of publication, distribution, etc. Mahwah :
Name of publisher, distributor, etc. Troll Associates,
Date of publication, distribution, etc. 1995
300 ## - PHYSICAL DESCRIPTION
Extent 126 pages ;
Dimensions 20 cm
490 1# - SERIES STATEMENT
Series statement Always friends club ;
Volume/sequential designation Book 1
505 ## - FORMATTED CONTENTS NOTE
Formatted contents note Q<br/>
520 ## - SUMMARY, ETC.
Summary, etc. Ten-year-old Meg finds new friends and a mystery after moving from Los Angeles to her mother's hometown of Redwood Grove.
521 8# - TARGET AUDIENCE NOTE
Target audience note 660<br/>
Source Lexile estimate <br/>
521 8# - TARGET AUDIENCE NOTE
Target audience note Q<br/>
Source Raz-Plus<br/>
650 #1 - SUBJECT ADDED ENTRY--TOPICAL TERM
Topical term or geographic name entry element Friendship
General subdivision Fiction.
650 #1 - SUBJECT ADDED ENTRY--TOPICAL TERM
Topical term or geographic name entry element Moving, Household
General subdivision Fiction.
650 #1 - SUBJECT ADDED ENTRY--TOPICAL TERM
Topical term or geographic name entry element Mystery and detective stories.
906 ## - LOCAL DATA ELEMENT F, LDF (RLIN)
a 7
b cbc
c orignew
d 1
e ocip
f 19
g y-gencatlg
942 ## - ADDED ENTRY ELEMENTS (KOHA)
Source of classification or shelving scheme Dewey Decimal Classification
Koha item type Books
Suppress in OPAC No
Holdings
Withdrawn status Lost status Source of classification or shelving scheme Damaged status Not for loan Collection Home library Current library Shelving location Date acquired Total Checkouts Full call number Barcode Date last seen Copy number Price effective from Koha item type
    Dewey Decimal Classification     Juvenile Fiction Footprints International School Library Network Toul Kork Campus Footprints International School Library Network Toul Kork Campus TK Primary Library Room(4th Floor), Bookcase 5&6, Shelves 33-56, Orange Books 11/07/2023   MEY 557 PZ7.M5719 FISTK00338 11/07/2023 1 11/07/2023 Books
    Dewey Decimal Classification     Juvenile Fiction Footprints International School Library Network Toul Tom Poung Campus Footprints International School Library Network Toul Tom Poung Campus TTP Primary Orange Bookshelves 08/19/2025   MEY 557 PZ7.M5719 FIS03213 08/19/2025 2 08/19/2025 Books